Collective Bargaining in the Public Sector in Zambia Report of Baseline Survey/ (Record no. 23650)
[ view plain ]
| 000 -LEADER | |
|---|---|
| fixed length control field | 00383cas a2200121 4500 |
| 008 - FIXED-LENGTH DATA ELEMENTS--GENERAL INFORMATION | |
| fixed length control field | 131128n eng u |
| 035 ## - SYSTEM CONTROL NUMBER | |
| System control number | (Sirsi) a181866 |
| 050 ## - LIBRARY OF CONGRESS CALL NUMBER | |
| Classification number | EMP2013.01 |
| 110 ## - MAIN ENTRY--CORPORATE NAME | |
| Corporate name or jurisdiction name as entry element | FNV/PSI/ LRS |
| 245 ## - TITLE STATEMENT | |
| Title | Collective Bargaining in the Public Sector in Zambia Report of Baseline Survey/ |
| Statement of responsibility, etc. | prepared by Grayson Koyi |
| 260 ## - PUBLICATION, DISTRIBUTION, ETC. | |
| Place of publication, distribution, etc. | Lusaka: |
| Name of publisher, distributor, etc. | FNV/PSI/LRS |
| Date of publication, distribution, etc. | 2010 |
| 300 ## - PHYSICAL DESCRIPTION | |
| Extent | 39p. |
No items available.